No surrender : (Record no. 185632)
[ view plain ]
| 000 -LEADER | |
|---|---|
| fixed length control field | 01180 a2200229 4500 |
| 003 - CONTROL NUMBER IDENTIFIER | |
| control field | NUST |
| 005 - DATE AND TIME OF LATEST TRANSACTION | |
| control field | 20221224144506.0 |
| 010 ## - LIBRARY OF CONGRESS CONTROL NUMBER | |
| LC control number | 76366365 |
| 020 ## - INTERNATIONAL STANDARD BOOK NUMBER | |
| International Standard Book Number | 0233966978 : |
| 040 ## - CATALOGING SOURCE | |
| Transcribing agency | Nust |
| 082 00 - DEWEY DECIMAL CLASSIFICATION NUMBER | |
| Classification number | 355.02,ONO |
| -- | B |
| 100 1# - MAIN ENTRY--PERSONAL NAME | |
| Personal name | Onoda, Hiroo. |
| 9 (RLIN) | 48900 |
| 245 10 - TITLE STATEMENT | |
| Title | No surrender : |
| Remainder of title | my thirty-year war / |
| Statement of responsibility, etc. | Hiroo Onoda ; translated [from the Japanese] by Charles S. Terry. |
| 260 ## - PUBLICATION, DISTRIBUTION, ETC. | |
| Place of publication, distribution, etc. | London : |
| Name of publisher, distributor, etc. | Deutsch, |
| Date of publication, distribution, etc. | c1974. |
| 300 ## - PHYSICAL DESCRIPTION | |
| Extent | 219 p., [8] p. of plates : |
| Other physical details | ill., map (on lining paper), ports. ; |
| Dimensions | 23 cm. |
| 505 ## - FORMATTED CONTENTS NOTE | |
| Formatted contents note | Foreword (Page-7), Reunion (Page-11), Commando Training (Page-17), Fateful Orders (Page-39), No Will to Fight (Page-51), The Four – day Battle (Page-62), The Vow to Fight on (Page-78), Three Soldiers at War (Page-94), Faked Messages (Page-109), Jungle Life (Page-129), Devils in The Mountains (Page-155), Alone (Page-174), February 20,1974(Page-196), Lubang , Sayonara(Page-210). |
| 600 10 - SUBJECT ADDED ENTRY--PERSONAL NAME | |
| Personal name | Onoda, Hiroo. |
| 9 (RLIN) | 48900 |
| 650 #0 - SUBJECT ADDED ENTRY--TOPICAL TERM | |
| Topical term or geographic name entry element | World War, 1939-1945 |
| General subdivision | Armistices. |
| 9 (RLIN) | 48901 |
| 650 #0 - SUBJECT ADDED ENTRY--TOPICAL TERM | |
| Topical term or geographic name entry element | World War, 1939-1945 |
| General subdivision | Personal narratives, Japanese. |
| 9 (RLIN) | 48902 |
| 650 #0 - SUBJECT ADDED ENTRY--TOPICAL TERM | |
| Topical term or geographic name entry element | World War, 1939-1945 |
| Geographic subdivision | Philippines |
| -- | Lubang Island. |
| 9 (RLIN) | 48903 |
| 942 ## - ADDED ENTRY ELEMENTS (KOHA) | |
| Source of classification or shelving scheme | |
| Koha item type | Book |
| Call number prefix | 355.02,ONO |
| Withdrawn status | Lost status | Source of classification or shelving scheme | Damaged status | Not for loan | Permanent Location | Current Location | Shelving location | Date acquired | Full call number | Barcode | Date last seen | Price effective from | Koha item type | Public note | Total Checkouts | Date last checked out |
|---|---|---|---|---|---|---|---|---|---|---|---|---|---|---|---|---|
| Military College of Signals (MCS) | Military College of Signals (MCS) | General Stacks | 12/12/2016 | 355.02,ONO | MCS21545 | 12/08/2016 | 12/12/2016 | Book | Almirah No.52, Shelf No.3 | |||||||
| Military College of Signals (MCS) | Military College of Signals (MCS) | General Stacks | 12/12/2016 | 355.02,ONO | MCS21546 | 12/08/2016 | 12/12/2016 | Book | Almirah No.52, Shelf No.3 | |||||||
| Military College of Signals (MCS) | Military College of Signals (MCS) | General Stacks | 12/24/2022 | 355.02,ONO | MCS27925 | 01/16/2023 | 12/24/2022 | Book | Almirah No.52, Shelf No.3 | 1 | 01/03/2023 |
